Cheap and cheerful (Record no. 70060)
[ view plain ]
| 000 -LEADER | |
|---|---|
| fixed length control field | 01383cam a2200253 4500 |
| 001 - CONTROL NUMBER | |
| control field | ABS65349 |
| 008 - FIXED-LENGTH DATA ELEMENTS--GENERAL INFORMATION | |
| fixed length control field | 020424n2002 000 0 eng u |
| 035 ## - SYSTEM CONTROL NUMBER | |
| System control number | (Sirsi) u117659 |
| 100 ## - MAIN ENTRY--PERSONAL NAME | |
| Personal name | Lyster, S |
| 245 ## - TITLE STATEMENT | |
| Title | Cheap and cheerful |
| 260 ## - PUBLICATION, DISTRIBUTION, ETC. | |
| Date of publication, distribution, etc. | 2002 |
| 490 ## - SERIES STATEMENT | |
| Series statement | Property Week |
| Volume/sequential designation | 67(13) 5 April 2002, 26-28(3) |
| 520 ## - SUMMARY, ETC. | |
| Summary, etc. | Discusses the growing value retail market, and highlights the advantages for retailers, developers and landlords in this market area. Argues that discount stores have improved greatly over the last ten years and present themselves in a much more professional and attractive way. From the developers point of view, discount retailers are good tenants because they know their exact space requirements and don't change their mind. Looks at fortunes of a number of discount stores including TK Maxx, the Poundland chain, and Wilkinson. Concludes that while discount stores tend to fare better in a recession, people are now making a lifestyle choice and consistently choosing value retail over other shops. |
| 590 ## - LOCAL NOTE (RLIN) | |
| Local note | ABS |
| 650 ## - SUBJECT ADDED ENTRY--TOPICAL TERM | |
| Topical term or geographic name entry element | DISCOUNT RETAILING |
| 650 ## - SUBJECT ADDED ENTRY--TOPICAL TERM | |
| Topical term or geographic name entry element | DISCOUNT STORES |
| 650 ## - SUBJECT ADDED ENTRY--TOPICAL TERM | |
| Topical term or geographic name entry element | POUNDLAND |
| 650 ## - SUBJECT ADDED ENTRY--TOPICAL TERM | |
| Topical term or geographic name entry element | TK MAXX |
| 650 ## - SUBJECT ADDED ENTRY--TOPICAL TERM | |
| Topical term or geographic name entry element | WILKINSONS |
| 650 ## - SUBJECT ADDED ENTRY--TOPICAL TERM | |
| Topical term or geographic name entry element | PROPERTY-COMMERCIAL PROPERTY-RETAIL PROPERTY-RETAIL PROPERTY MARKET |
| 650 ## - SUBJECT ADDED ENTRY--TOPICAL TERM | |
| Topical term or geographic name entry element | VALUE RETAIL |
| 690 ## - LOCAL SUBJECT ADDED ENTRY--TOPICAL TERM (OCLC, RLIN) | |
| Topical term or geographic name as entry element | PROPERTY-COMMERCIAL PROPERTY-RETAIL PROPERTY |
| 942 ## - ADDED ENTRY ELEMENTS (KOHA) | |
| Suppress in OPAC | 0 |
| Withdrawn status | Lost status | Source of classification or shelving scheme | Damaged status | Not for loan | Home library | Current library | Shelving location | Date acquired | Total Checkouts | Full call number | Barcode | Date last seen | Copy number | Price effective from | Koha item type |
|---|---|---|---|---|---|---|---|---|---|---|---|---|---|---|---|
| Dewey Decimal Classification | London | London | Journal article | 24/04/2002 | ABS65349 | 117659-1001 | 06/08/2019 | 1 | 06/08/2019 | Journal article |